LEADER 00863nam a2200205 i 4500 001 000000210747 003 CaOOAMICUS 005 20250701143857.0 008 120210s1983 it u000 u ita u 040 $aSeMil$bita 245 00$aRoma e il Mediterraneo dopo Annibale. 300 $aXI, 985 p., [1] c. di tav. ripiegata, [2] p. di tav. ripiegate. 490 1 $aBiblioteca di cultura storica ;$v144 773 0 $aToynbee, Arnold Joseph <1892-1975>$tEredità di Annibale.$dTorino : Giulio Einaudi, 1981-1983.$g2$w()26247 830 0$aBiblioteca di cultura storica ;$v144.$0(OLS)http://semarc/title/365 850 $aSeMil 852 $aSeMil$W1$xVenegono$y1$m3S II 270$j161194$B161194$CSeMilBibl$Z2$F172359 $81 961 $aOmaggio: Ciprandi dott. Paolo 996 $6245$aRoma e il Mediterraneo dopo Annibale$9(OLS)http://semarc/title/304542 LEADER 01341nam a2200301 4500 001 000000352014 003 CaOOAMICUS 005 20221129124109.0 008 221027s2022 it 000 u ita r 020 $a978-88-372-3642-7 040 $aSeMil$bita 100 1 $aVedelago, Laura.$0(OLS)http://semarc/name/116706 245 10$aGuardini e le figure della fede /$cLaura Vedelago ; [prefazione di Hanna-Barbara Gerl-Falkovitz]. 264 1$aBrescia :$bMorcelliana,$c2022. 300 $a368 p. ;$c21 cm 500 $aDissertazione dottorale in teologia n. 98 nella Facoltà teologica dell'Italia settentrionale "Decidersi per il dono. Figure e cammini di fede nell'opera di Romano Guardini" 500 $aTitolo della copertina 541 $aOmaggio mons. Mario Delpini 700 1 $aGerl-Falkovitz, Hanna-Barbara,$d<1945- >.$0(OLS)http://semarc/name/34862 773 0 $tSupplementi.$g2$w()352004 850 $aSeMil 852 $aSeMil$W1$xVenegono$y1$m2UA N 2$j252890$B243200$CSeMilBibl$Z2$F243200 $81 941 1 $a7 961 $aOmaggio mons. Mario Delpini 996 $6020$a978-88-372-3642-7$9(OLS)http://semarc/number/297027 996 $6245$aGuardini e le figure della fede$9(OLS)http://semarc/title/441829 996 $6264$aBrescia :$bMorcelliana$9(OLS)http://semarc/publisher/29629